000 00421cam a22001457a 4500
008 180718b2003 xxu||||| |||| 00| 0 eng d
020 _a818650561x
082 _aDx517 N98
100 _aNyamdavaa, Oidov
245 _aMongolia - India relations
_cby Oidov Nyamdavaa
260 _aNew Delhi
_bBhavana books
_c2003
300 _a228p.
650 _aMongolia -- Relations -- India
650 _aIndia -- Relations -- Mongolia
999 _c444324
_d444324